000 00506nam a2200181Ia 4500
008 090124s9999 xx 000 0 und d
082 _b20522
100 _aआपटे हरि नारायण
245 _a कर्मयोग
250 _a3
260 _c1965
300 _a14+286
600 _aआपटे हरि नारायण
630 _a कर्मयोग
700 _aआपटे हरि नारायण
730 _a कर्मयोग
942 _cBOOK
999 _c134327
_d134327